| 000 | 01640nam1a2200313 4500 | ||
|---|---|---|---|
| 001 | RU\NLR\BIBL_A\010358556 | ||
| 005 | 20260408154801.0 | ||
| 010 |
_a978-5-9904840-3-0 _9500 |
||
| 035 | _a(NLR Aleph) 010358556 | ||
| 090 |
_a10771211 _c10771211 |
||
| 100 | _a20140409d2013 k y0rusy50 ca | ||
| 101 | 0 | _arus | |
| 102 | _aRU | ||
| 105 | _a||||z|||000yy | ||
| 200 | 1 |
_aСпециальная выносливость средневиков и стайеров _eмонография _e[в 2 ч.] _fЮ.А. Попов _gНегос. образоват. учреждение высш. проф. образования "Моск. ин-т физ. культуры и спорта" |
|
| 210 |
_aМосква _cНегосударственное учреждение "Объединенная академия образовательных учреждений" _d2013 |
||
| 215 | _d21 | ||
| 606 | 1 |
_aБег (спорт.) на средние дистанции _xТренировка _91133754 _3RU\NLR\AUTH\66131459 |
|
| 606 | 1 |
_aСпортсмены _xВыносливость _xВоспитание _92308035 _3RU\NLR\AUTH\6601607391 |
|
| 606 |
_aБег (спорт.) на длинные дистанции _xТренировка _3RU\NLR\AUTH\66130234 _91131496 |
||
| 686 | 1 | _aЧ517.115.566.15 | |
| 686 | 1 | _aЧ517.115.571.5 | |
| 686 | 1 | _aЧ511.485.3 | |
| 700 | 1 |
_8rus _7ca _aПопов _bЮ. А. _cд-р пед. наук, физ. культура _f1935- _gЮрий Алексеевич _3RU\NLR\AUTH\77100430 _983356 |
|
| 852 |
_aNLR _j2014-3/10249 |
||
| 942 | _cBOOK | ||
| 980 | _aNB | ||